Entry Personal Name
Number of records used in: 1
001 - CONTROL NUMBER
003 - CONTROL NUMBER IDENTIFIER
005 - DATE AND TIME OF LATEST TRANSACTION
- control field:
20231103111431.0
008 - FIXED-LENGTH DATA ELEMENTS
- fixed length control field:
841129n| azannaab |a aaa
010 ## - LIBRARY OF CONGRESS CONTROL NUMBER
- LC control number:
n 84144966
040 ## - CATALOGING SOURCE
- Original cataloging agency:
DLC
- Language of cataloging:
eng
- Description conventions:
rda
- Transcribing agency:
DLC
- Modifying agency:
DLC
- Modifying agency:
DLC
046 ## - SPECIAL CODED DATES
053 #0 - LC CLASSIFICATION NUMBER
- Classification number element--single number or beginning number of span:
PJ7765.M83
100 1# - HEADING--PERSONAL NAME
- Personal name:
Muhammad, Khāḷi,
- Dates associated with a name:
-1616
400 1# - SEE FROM TRACING--PERSONAL NAME
- Personal name:
Ibn ʻAbd al-ʻAzīz, Khālī Muḥammad,
- Dates associated with a name:
-1616
400 0# - SEE FROM TRACING--PERSONAL NAME
- Personal name:
Khal'hi Mohammed,
- Dates associated with a name:
-1616
400 0# - SEE FROM TRACING--PERSONAL NAME
- Personal name:
Khāḷi Muhammad,
- Dates associated with a name:
-1616
400 0# - SEE FROM TRACING--PERSONAL NAME
- Personal name:
Khālī Muḥammad ibn ʻAbd al-ʻAzīz,
- Dates associated with a name:
-1616
400 1# - SEE FROM TRACING--PERSONAL NAME
- Personal name:
Mohammed, Khal'hi,
- Dates associated with a name:
-1616
400 1# - SEE FROM TRACING--PERSONAL NAME
- Personal name:
Muhammad al-Kalikuti, Qazi,
- Dates associated with a name:
-1616
400 1# - SEE FROM TRACING--PERSONAL NAME
- Control subfield:
nnea
- Personal name:
Muhammad, Khāḷi,
- Dates associated with a name:
d. 1616
670 ## - SOURCE DATA FOUND
- Source citation:
His Fathul mubīn, 1982:
- Information found:
t.p. (Khāḷi Muhammad) t.p. verso (Khal'hi Mohammed) p. 9 (Khāḷi Muhammad bnu Abdul Asīs, Arabic writer and poet of Kozhikode, Kerala, died Hijra 1025 Rabi al-awwal, 25)
670 ## - SOURCE DATA FOUND
- Source citation:
Spiritual leadership in anti-colonial struggle, 2014:
- Information found:
t.p. (Qazi Muhammad al-Kalikuti)
675 ## - SOURCE DATA NOT FOUND
- Source citation:
Kaḥḥālah;
- Source citation:
Brockelmann